| 000 | 00980nam a2200193 i 4500 | ||
|---|---|---|---|
| 001 | 182264 | ||
| 003 | ES-MaACL | ||
| 005 | 20230906221552.0 | ||
| 008 | 130729s1985 sp |||| | spa d | ||
| 100 | 0 |
_aPont Mestres, Magin. _993043 |
|
| 245 | 1 | 0 |
_aAportación del Instituto de Censores Jurados de Cuentas de España al Seminario sobre "Contabilidad y Auditoria en España ante la Comunidad Económica Europea / _cpor Magín Pont Mestres. |
| 260 |
_aMadrid : _bInstituto de Censores Jurados de Cuentas de España, _c1985. |
||
| 300 |
_a22 p. ; _c20 cm. |
||
| 500 | _aEn cubierta: Aportación del I.C.J.C.E. al Seminario sobre "Contabilidad y Auditoria ante la C.E.E.", celebrado en la Universidad Internacional Menéndez Pelayo de Santander, los días 15 a 18 de julio de 1985. | ||
| 650 | 0 | 4 |
_aAuditoría- _zEspaña. _910413 |
| 650 | 0 | 4 |
_aContabilidad- _zEspaña. _911308 |
| 710 | 0 |
_aInstituto de Censores Jurados de Cuentas de España. _94830 |
|
| 852 |
_aES-MaACL _j2316-F-12 |
||
| 999 |
_c182264 _d182264 |
||